Visualizzazione normale
Vista MARC
- Proietti P. e G.
di Personal Name
Records bibliografici associati: 1
001 - CONTROL NUMBER
- control field: 58681
003 - CONTROL NUMBER IDENTIFIER
- control field:
005 - DATE AND TIME OF LATEST TRANSACTION
- control field: 20201223144150.0
008 - FIXED-LENGTH DATA ELEMENTS
- fixed length control field: 201223|| aca||aabn | a|a d
040 ## - CATALOGING SOURCE
- Original cataloging agency:
- Transcribing agency:
100 ## - HEADING--PERSONAL NAME
- Personal name: Proietti P. e G.
- Personal name: Ropelato D.
- Personal name: Autiero A.
- Personal name: Lorizio G.
- Personal name: Grazioli O.
- Personal name: Benanti P.
- Personal name: Mastroianni B.
- Personal name: Pensavalli M.
- Personal name: Marcalli F.
- Personal name: Galantino N.
- Personal name: Repole R.
- Personal name: Martin D.
- Personal name: Algeri E.
- Personal name: Gentili C. e L.
- Personal name: Parolin P
670 ## - SOURCE DATA FOUND
- Source citation: Work cat.: (): Gentili Paolo (et al.) 58680, Strade di felicità 2018 nell'alleanza uomo-donna (Amoris Laetitia 38), 2018